LIBRARY & INFORMATION CENTRE, KCAET, TAVANUR

ONLINE PUBLIC ACCESS CATALOGUE (OPAC)

Tractors and their Power Units (Record no. 19431)

MARC details
000 -LEADER
fixed length control field 00448nam a22001697a 4500
003 - CONTROL NUMBER IDENTIFIER
control field OSt
008 - FIXED-LENGTH DATA ELEMENTS--GENERAL INFORMATION
fixed length control field 250221b |||||||| |||| 00| 0 eng d
041 ## - LANGUAGE CODE
Language code of text/sound track or separate title eng
100 ## - MAIN ENTRY--AUTHOR NAME
Personal name Liljedahl, John B
245 ## - TITLE STATEMENT
Title Tractors and their Power Units
250 ## - EDITION STATEMENT
Edition statement 4th
260 ## - PUBLICATION, DISTRIBUTION, ETC. (IMPRINT)
Place of publication New Delhi:
Name of publisher CBS Publishers & Distributors,
Year of publication 1997.
700 ## - ADDED ENTRY--PERSONAL NAME
Personal name Turnquist, Paul K
700 ## - ADDED ENTRY--PERSONAL NAME
Personal name Smith David, W
700 m# - ADDED ENTRY--PERSONAL NAME
Personal name Makoto Hoki
942 ## - ADDED ENTRY ELEMENTS (KOHA)
Koha item type Books
Holdings
Withdrawn status Lost status Damaged status Home library Current library Date acquired Source of acquisition Cost, normal purchase price Accession Number Koha item type Public note
Withdrawn     KAUAET KAUAET 21/02/2025 CBS Publishers & Distributors, New Delhi 195.00 20449 Books Withdrawn as per order no A3-1008/2003 dated 25/04/2003
free website counter